000 01460nam a2200349 a 4500
001 vtls003199597
003 MY-SjTCS
005 20200226114119.0
006 m u
007 cr cn|||||||||
008 100712s1996 dcuaf sb 001 0 eng
010 _z 95-044203
020 _z0309052823
035 _a(CaPaEBR)ebr10056699
039 9 _y201007121733
_zVLOAD
040 _aCaPaEBR
_cCaPaEBR
050 1 4 _aTP248.2
_b.B574 1996eb
082 0 4 _a660/.6
_220
245 0 0 _aBiotechnology
_h[electronic resource] :
_bscience, engineering, and ethical challenges for the twenty-first century /
_cFrederick B. Rudolph and Larry V. McIntire, editors.
260 _aWashington, D.C. :
_bJoseph Henry Press,
_c1996.
300 _axv, 278 p., [2] p. of plates :
_bill. (some col.) ;
_c24 cm.
504 _aIncludes bibliographical references and index.
529 _aTSLHHL
533 _aElectronic reproduction.
_bPalo Alto, Calif. :
_cebrary,
_d2009.
_nAvailable via World Wide Web.
_nAccess may be limited to ebrary affiliated libraries.
650 0 _aBiotechnology.
650 0 _aBiotechnology
_xSocial aspects.
655 7 _aElectronic books.
_2local
700 1 _aRudolph, Frederick B.
700 1 _aMcIntire, Larry V.
710 2 _aebrary, Inc.
_925628
856 4 0 _uhttps://ezproxy.taylors.edu.my/login?url=http://site.ebrary.com/lib/taylorscollege/Doc?id=10056699
_zAn electronic book accessible through the World Wide Web; click to view
999 _c127291